[Event "Wch U16"]
[Site "Khanty-Mansiysk"]
[Date "2016.09.29"]
[Round "7"]
[White "Laurent Paoli, Pierre"]
[Black "Mustafin, Andrey"]
[Result "0-1"]
[WhiteElo "2305"]
[BlackElo "2242"]
[PlyCount "122"]
[EventDate "2016.09.22"]
[EventType "swiss"]
[EventRounds "11"]
[EventCountry "RUS"]
[SourceTitle "EXT 2017"]
[Source "ChessBase"]
[SourceDate "2016.10.25"]
[SourceVersion "1"]
[SourceVersionDate "2016.10.25"]
[SourceQuality "1"]

1. d4 d6 2. c4 e5 3. Nf3 e4 4. Ng5 f5 5. g3 Be7 6. h4 c6 7. Nc3 Nf6 8. Nh3 Be6 9. e3 0-0 10. Ng5 Bd7 11. Be2 Na6 12. Rb1 Nc7 13. b4 Be8 14. a4 h6 15. Nh3 Bf7 16. Ba3 Nd7 17. h5 Nb6 18. Qb3 d5 19. c5 Nc4 20. Bxc4 dxc4 21. Qa2 b5 22. axb5 Nxb5 23. Nxb5 cxb5 24. Nf4 Bg5 25. Qe2 Bxf4 26. gxf4 a5 27. bxa5 Rxa5 28. Bb4 Ra4 29. Bc3 Ra3 30. Qd2 Qd7 31. Rg1 Qd5 32. Rxb5 Rfa8 33. Qb2 Rb3 34. Rxb3 cxb3 35. Qd2 Ra2 36. Bb2 Qc4 37. d5 Qd3 38. Qc3 Qxc3+ 39. Bxc3 b2 40. Rxg7+ Kf8 41. Bxb2 Rxb2 42. Rh7 Rb1+ 43. Kd2 Rb5 44. Rh8+ Kg7 45. Rc8 Bxd5 46. Kc3 Be6 47. Rc7+ Kf6 48. c6 Rb1 49. Rh7 Rc1+ 50. Kd2 Rxc6 51. Rxh6+ Kg7 52. Rg6+ Kf7 53. Rg5 Rc8 54. Ke2 Rc1 55. Kd2 Rf1 56. Rg2 Bc4 57. Rh2 Kg7 58. Rg2+ Kf7 59. Rh2 Rg1 60. Rh4 Rg7 61. Rh3 Kf6 0-1

[Event "Wch U16"]
[Site "Khanty-Mansiysk"]
[Date "2016.09.25"]
[Round "4"]
[White "Mustafin, Andrey"]
[Black "Hilby, Craig"]
[Result "1/2-1/2"]
[WhiteElo "2242"]
[BlackElo "2319"]
[PlyCount "74"]
[EventDate "2016.09.22"]
[EventType "swiss"]
[EventRounds "11"]
[EventCountry "RUS"]
[SourceTitle "EXT 2017"]
[Source "ChessBase"]
[SourceDate "2016.10.25"]
[SourceVersion "1"]
[SourceVersionDate "2016.10.25"]
[SourceQuality "1"]

1. e4 e5 2. Nf3 Nc6 3. Bc4 Bc5 4. c3 Nf6 5. d3 a6 6. 0-0 d6 7. Bb3 Ba7 8. Nbd2 0-0 9. h3 Be6 10. Bc2 d5 11. exd5 Bxd5 12. Re1 Re8 13. Qe2 Nh5 14. Nf1 Qf6 15. Ng5 Nf4 16. Bxf4 Qxf4 17. Ne4 f5 18. Ned2 Bf7 19. Qf3 Qg5 20. Bb3 Bxb3 21. axb3 Rad8 22. Rad1 Qg6 23. Nc4 b5 24. Nce3 f4 25. Nf5 Qxf5 26. Qxc6 Bb6 27. Nh2 Re6 28. Qe4 Qxe4 29. dxe4 Red6 30. Rxd6 Rxd6 31. Nf3 Kf8 32. b4 Ke7 33. Kf1 Kf6 34. Ra1 Ba7 35. Ke2 c5 36. bxc5 Bxc5 37. Ne1 Rb6 1/2-1/2

[Event "Poti Aleksandria Cup 11th"]
[Site "Poti"]
[Date "2016.07.15"]
[Round "3"]
[White "Eynullayev, Atilla Elshan"]
[Black "Mustafin, Andrey"]
[Result "1-0"]
[WhiteElo "1937"]
[BlackElo "2315"]
[PlyCount "53"]
[EventDate "2016.07.13"]
[EventType "swiss"]
[EventRounds "9"]
[EventCountry "GEO"]
[SourceTitle "CBM 173 Extra"]
[Source "ChessBase"]
[SourceDate "2016.08.29"]
[SourceVersion "1"]
[SourceVersionDate "2016.08.29"]
[SourceQuality "1"]

1. e4 e5 2. Nf3 Nc6 3. Bb5 a6 4. Ba4 Nf6 5. 0-0 Be7 6. Re1 b5 7. Bb3 d6 8. c3 0-0 9. h3 Na5 10. Bc2 c5 11. d4 exd4 12. cxd4 Nc6 13. e5 dxe5 14. dxe5 Nd5 15. Be4 Be6 16. Nc3 Nxc3 17. bxc3 Qc7 18. Ng5 Bxg5 19. Bxg5 f5 20. exf6 gxf6 21. Bxh7+ Qxh7 22. Rxe6 Qf5 23. Rxc6 Qxg5 24. Qf3 a5 25. Rd1 Rae8 26. Rd5 Re5 27. Rcxc5 1-0

[Event "AZE-ch 71st"]
[Site "Baku"]
[Date "2016.03.19"]
[Round "5"]
[White "Guliev, Logman"]
[Black "Mustafin, Andrey"]
[Result "1-0"]
[WhiteElo "2382"]
[BlackElo "2325"]
[PlyCount "43"]
[EventDate "2016.03.15"]
[EventType "swiss"]
[EventRounds "9"]
[EventCountry "AZE"]
[SourceTitle "CBM 171 Extra"]
[Source "ChessBase"]
[SourceDate "2016.04.26"]
[SourceVersion "1"]
[SourceVersionDate "2016.04.26"]
[SourceQuality "1"]

1. e4 g6 2. d4 d6 3. Nc3 Bg7 4. f4 Nf6 5. Bd3 0-0 6. Nf3 Nc6 7. 0-0 e5 8. fxe5 dxe5 9. d5 Nd4 10. Nxe5 Nxe4 11. Bxe4 Bxe5 12. Bf4 Bxf4 13. Rxf4 Qd6 14. Rf2 Nf5 15. Bxf5 Bxf5 16. g4 Bc8 17. Ne4 Qe5 18. Nf6+ Kh8 19. Qd2 Bf5 20. Rxf5 Qxb2 21. Qh6 Qxa1+ 22. Kg2 1-0

[Event "AZE-ch 71st"]
[Site "Baku"]
[Date "2016.03.18"]
[Round "4"]
[White "Mustafin, Andrey"]
[Black "Shahaliyev, Ismayil Bahram"]
[Result "0-1"]
[WhiteElo "2325"]
[BlackElo "2362"]
[PlyCount "68"]
[EventDate "2016.03.15"]
[EventType "swiss"]
[EventRounds "9"]
[EventCountry "AZE"]
[SourceTitle "CBM 171 Extra"]
[Source "ChessBase"]
[SourceDate "2016.04.26"]
[SourceVersion "1"]
[SourceVersionDate "2016.04.26"]
[SourceQuality "1"]

1. b3 e5 2. Bb2 Nc6 3. e3 Nf6 4. Bb5 Bd6 5. Na3 e4 6. f4 0-0 7. Nh3 Be7 8. Nf2 d5 9. Qc1 a6 10. Bxc6 bxc6 11. c4 Nd7 12. Nc2 dxc4 13. Nd4 Bb7 14. Qxc4 c5 15. Nf5 Bf6 16. Qc2 g6 17. Nh6+ Kg7 18. g4 Bxb2 19. Qxb2+ Qf6 20. Qxf6+ Kxf6 21. g5+ Ke6 22. Rc1 a5 23. 0-0 a4 24. Nh3 axb3 25. axb3 Kd6 26. Ng4 Ra3 27. Rc3 Bd5 28. Nhf2 Rb8 29. d3 exd3 30. e4 Rbxb3 31. Rxb3 Bxb3 32. Ne5 Nxe5 33. fxe5+ Ke7 34. Nxd3 Bc4 0-1

[Event "AZE-ch 71st"]
[Site "Baku"]
[Date "2016.03.17"]
[Round "3"]
[White "Suleymanli, Aydin Elshan"]
[Black "Mustafin, Andrey"]
[Result "1/2-1/2"]
[WhiteElo "2032"]
[BlackElo "2325"]
[PlyCount "67"]
[EventDate "2016.03.15"]
[EventType "swiss"]
[EventRounds "9"]
[EventCountry "AZE"]
[SourceTitle "CBM 171 Extra"]
[Source "ChessBase"]
[SourceDate "2016.04.26"]
[SourceVersion "1"]
[SourceVersionDate "2016.04.26"]
[SourceQuality "1"]

1. d4 Nf6 2. c4 g6 3. Nc3 Bg7 4. e4 d6 5. f4 0-0 6. Nf3 c5 7. d5 e6 8. Be2 exd5 9. cxd5 Re8 10. e5 dxe5 11. fxe5 Ng4 12. e6 fxe6 13. d6 Nc6 14. 0-0 Nd4 15. Ne4 Rf8 16. h3 Nf6 17. Bg5 Qb6 18. Bxf6 Bxf6 19. Nfd2 Nxe2+ 20. Qxe2 Bd4+ 21. Kh1 Bd7 22. Nc4 Qc6 23. Rac1 Qd5 24. b3 Kg7 25. Rcd1 h6 26. Qg4 Bc6 27. Rxf8 Rxf8 28. Nxc5 Qxc5 29. Qxd4+ Qxd4 30. Rxd4 Rd8 31. a4 Bd5 32. Kh2 b6 33. Kg3 g5 34. h4 1/2-1/2

[Event "AZE-ch 71st"]
[Site "Baku"]
[Date "2016.03.15"]
[Round "1"]
[White "Mustafin, Andrey"]
[Black "Bajarani, Ulvi"]
[Result "0-1"]
[WhiteElo "2325"]
[BlackElo "2532"]
[PlyCount "72"]
[EventDate "2016.03.15"]
[EventType "swiss"]
[EventRounds "9"]
[EventCountry "AZE"]
[SourceTitle "CBM 171 Extra"]
[Source "ChessBase"]
[SourceDate "2016.04.26"]
[SourceVersion "1"]
[SourceVersionDate "2016.04.26"]
[SourceQuality "1"]

1. b3 d5 2. Bb2 Nf6 3. e3 c5 4. f4 e6 5. Nf3 Nbd7 6. Bb5 Be7 7. 0-0 0-0 8. Qe1 a6 9. Bd3 b5 10. a4 Rb8 11. axb5 axb5 12. Ne5 Rb6 13. Nxd7 Bxd7 14. Ra7 d4 15. exd4 c4 16. Be2 cxb3 17. cxb3 Qb8 18. Ra1 Nd5 19. Bf3 Nxf4 20. Ra8 Qd6 21. Rxf8+ Bxf8 22. Be4 f5 23. Qe3 Nd5 24. Bxd5 Qxd5 25. Qf3 Qxf3 26. gxf3 Ra6 27. Nc3 b4 28. Na4 Bxa4 29. bxa4 Rxa4 30. Ra1 Rxa1+ 31. Bxa1 Kf7 32. Kf2 Ke7 33. Ke3 Kd6 34. d3 Kd5 35. h3 g5 36. Bb2 Bg7 0-1

[Event "Moscow op-A"]
[Site "Moscow"]
[Date "2016.02.01"]
[Round "3"]
[White "Mustafin, Andrey"]
[Black "Usmanov, Vasily"]
[Result "1/2-1/2"]
[WhiteElo "2241"]
[BlackElo "2451"]
[PlyCount "62"]
[EventDate "2016.01.30"]
[EventType "swiss"]
[EventRounds "9"]
[EventCountry "RUS"]
[SourceTitle "CBM 170 Extra"]
[Source "ChessBase"]
[SourceDate "2016.02.25"]
[SourceVersion "1"]
[SourceVersionDate "2016.02.25"]
[SourceQuality "1"]

1. b3 e5 2. Bb2 Nc6 3. e3 Nf6 4. Bb5 Bd6 5. Na3 Na5 6. Be2 a6 7. c4 0-0 8. Nc2 Re8 9. Nh3 Bf8 10. d4 exd4 11. Qxd4 Nc6 12. Qh4 Ne4 13. Qxd8 Rxd8 14. Bf3 Re8 15. Nf4 Nb4 16. Nxb4 Bxb4+ 17. Ke2 c6 18. Bxe4 Rxe4 19. Rhd1 b5 20. Nd3 Bf8 21. Ne5 d6 22. Nxc6 bxc4 23. Ba3 Bd7 24. Na5 cxb3 25. axb3 Bb5+ 26. Kf3 Re6 27. Rd2 Rf6+ 28. Kg3 Rg6+ 29. Kf3 Rf6+ 30. Kg3 Rg6+ 31. Kf3 Rf6+ 1/2-1/2

[Event "Moscow op-A"]
[Site "Moscow"]
[Date "2016.01.31"]
[Round "2"]
[White "Vasilyev, Vasily"]
[Black "Mustafin, Andrey"]
[Result "1/2-1/2"]
[WhiteElo "2284"]
[BlackElo "2241"]
[PlyCount "91"]
[EventDate "2016.01.30"]
[EventType "swiss"]
[EventRounds "9"]
[EventCountry "RUS"]
[SourceTitle "CBM 170 Extra"]
[Source "ChessBase"]
[SourceDate "2016.02.25"]
[SourceVersion "1"]
[SourceVersionDate "2016.02.25"]
[SourceQuality "1"]

1. d4 Nf6 2. c4 g6 3. Nc3 Bg7 4. e4 d6 5. Nf3 0-0 6. Be2 c5 7. d5 Bg4 8. 0-0 Nfd7 9. Ne1 Bxe2 10. Qxe2 Na6 11. f4 Nc7 12. Nf3 e6 13. dxe6 Nxe6 14. Rd1 Nd4 15. Qf2 Re8 16. Be3 Nf6 17. Bxd4 cxd4 18. Nxd4 Nxe4 19. Qf3 Nxc3 20. bxc3 Qc7 21. Qd5 a6 22. Rab1 Rac8 23. Rxb7 Qxc4 24. Qxd6 Qxc3 25. Nf3 Qe3+ 26. Kh1 Rc1 27. Rb1 Rxd1+ 28. Rxd1 Qe2 29. Qd5 Bf6 30. Qd2 Bc3 31. Qxe2 Rxe2 32. Rd3 Bb4 33. a3 Be7 34. g3 Ra2 35. Rd7 Bf6 36. Rd6 Rxa3 37. Rxf6 Rxf3 38. Rxa6 Rf2 39. Kg1 Re2 40. Ra7 Kg7 41. Rb7 h5 42. h4 Kf6 43. Ra7 Rb2 44. Ra5 Rc2 45. Rg5 Rb2 46. f5 1/2-1/2

[Event "EU-ch U14 24th"]
[Site "Batumi"]
[Date "2014.10.26"]
[Round "7"]
[White "Mustafin, Andrey"]
[Black "Nizamov, Bulat"]
[Result "1-0"]
[WhiteElo "1917"]
[BlackElo "2092"]
[PlyCount "87"]
[EventDate "2014.10.19"]
[EventType "swiss"]
[EventRounds "9"]
[EventCountry "GEO"]
[SourceTitle "EXT 2015"]
[Source "ChessBase"]
[SourceDate "2014.11.20"]
[SourceVersion "1"]
[SourceVersionDate "2014.11.20"]
[SourceQuality "1"]

1. e4 c5 2. a3 Nc6 3. b4 cxb4 4. axb4 Nxb4 5. d4 e5 6. c3 Nc6 7. d5 Nb8 8. d6 Qb6 9. Na3 Qxd6 10. Qxd6 Bxd6 11. Nb5 Ke7 12. Nxd6 Kxd6 13. Ba3+ Kc7 14. Bf8 h5 15. Bxg7 Rh7 16. Bxe5+ d6 17. Bf4 Nc6 18. Bc4 Nf6 19. f3 Be6 20. Bxe6 fxe6 21. h4 Rf7 22. Nh3 Re8 23. Be3 Kb8 24. Nf4 d5 25. e5 Nd7 26. Nd3 b6 27. Ke2 Kb7 28. Bd4 Rg8 29. Rag1 Rfg7 30. g4 hxg4 31. fxg4 Rxg4 32. Rxg4 Rxg4 33. h5 Nf8 34. Rf1 Nd7 35. Rf7 Kc7 36. h6 Rh4 37. h7 Nd8 38. Rg7 Kc8 39. Nf4 Nf8 40. Rg8 Rxh7 41. Rxf8 Kd7 42. Nd3 Nc6 43. Nb4 Ne7 44. Rb8 1-0

[Event "EU-ch U14 24th"]
[Site "Batumi"]
[Date "2014.10.24"]
[Round "6"]
[White "Buzas, Bertalan"]
[Black "Mustafin, Andrey"]
[Result "0-1"]
[WhiteElo "2116"]
[BlackElo "1917"]
[PlyCount "80"]
[EventDate "2014.10.19"]
[EventType "swiss"]
[EventRounds "9"]
[EventCountry "GEO"]
[SourceTitle "EXT 2015"]
[Source "ChessBase"]
[SourceDate "2014.11.20"]
[SourceVersion "1"]
[SourceVersionDate "2014.11.20"]
[SourceQuality "1"]

1. d4 Nf6 2. Nf3 g6 3. Bg5 Bg7 4. Nbd2 0-0 5. e4 d5 6. exd5 Nxd5 7. c3 h6 8. Bh4 Nf4 9. Bg3 Nh5 10. Be2 Nc6 11. 0-0 Nxg3 12. fxg3 Be6 13. Qc2 Qd7 14. Nb3 b6 15. Nh4 a5 16. Rad1 Bg4 17. Bf3 Bxf3 18. Nxf3 a4 19. Nc1 e6 20. h3 Qd5 21. Qe2 b5 22. a3 e5 23. dxe5 Qc5+ 24. Kh1 Nxe5 25. Nxe5 Qxe5 26. Qxe5 Bxe5 27. Rd5 Bxg3 28. Ne2 Bd6 29. Rxb5 Rab8 30. c4 c6 31. Rxb8 Rxb8 32. Nc3 Rxb2 33. Nxa4 Ra2 34. c5 Bg3 35. Nb6 Rxa3 36. Nc8 Kf8 37. Nd6 Bxd6 38. cxd6 Rd3 39. Rf6 Kg7 40. Rf4 Rxd6 0-1

[Event "EU-ch U12 23rd"]
[Site "Budva"]
[Date "2013.10.08"]
[Round "9"]
[White "Mustafin, Andrey"]
[Black "Zarubitski, Viachaslau"]
[Result "1/2-1/2"]
[WhiteElo "1783"]
[BlackElo "1921"]
[PlyCount "109"]
[EventDate "2013.09.29"]
[EventType "swiss"]
[EventRounds "9"]
[EventCountry "MNE"]
[SourceTitle "EXT 2014"]
[Source "ChessBase"]
[SourceDate "2013.11.20"]
[SourceVersion "1"]
[SourceVersionDate "2013.11.20"]
[SourceQuality "1"]

1. e4 Nf6 2. e5 Nd5 3. d4 d6 4. c4 Nb6 5. exd6 exd6 6. Nf3 Be7 7. Be2 0-0 8. 0-0 Nc6 9. Nc3 Bg4 10. b3 f5 11. d5 Bxf3 12. Bxf3 Ne5 13. Rb1 Bf6 14. Nb5 Re8 15. Be3 Qd7 16. Be2 Ng6 17. Bh5 Re4 18. Bxg6 hxg6 19. Qd3 Qe7 20. Bd4 Nd7 21. f3 Bxd4+ 22. Nxd4 Re5 23. Ne6 Nc5 24. Nxc5 dxc5 25. Rbd1 Rd8 26. Rf2 Re3 27. Qd2 f4 28. Rff1 g5 29. Qc2 Rd6 30. Qf5 b6 31. h4 gxh4 32. Qxf4 Rg6 33. Qf5 Rg5 34. Qh3 Rg3 35. Qc8+ Kh7 36. Qf5+ g6 37. Qf4 Re5 38. Rf2 g5 39. Qd2 Re3 40. d6 cxd6 41. Qxd6 Qxd6 42. Rxd6 h3 43. Rd7+ Kg6 44. Rxa7 hxg2 45. Rxg2 Rexf3 46. Rxg3 Rxg3+ 47. Kf2 Rd3 48. Ra6 Rd6 49. a4 Rf6+ 50. Kg3 Kf5 51. a5 bxa5 52. Rxa5 Rc6 53. b4 Ke5 54. Rxc5+ Rxc5 55. bxc5 1/2-1/2

[Event "EU-ch U12"]
[Site "Prague"]
[Date "2012.08.23"]
[Round "7"]
[White "Mustafin, Andrey"]
[Black "Petrov, Martin"]
[Result "0-1"]
[WhiteElo "1742"]
[BlackElo "1901"]
[PlyCount "152"]
[EventDate "2012.08.17"]
[EventType "swiss"]
[EventRounds "9"]
[EventCountry "CZE"]
[SourceTitle "CBM 150 Extra"]
[Source "ChessBase"]
[SourceDate "2012.10.19"]
[SourceVersion "1"]
[SourceVersionDate "2012.10.19"]
[SourceQuality "1"]

1. e4 c5 2. Nf3 d6 3. d4 cxd4 4. Nxd4 Nf6 5. Nc3 a6 6. Be2 e5 7. Nb3 Be7 8. 0-0 Be6 9. Be3 0-0 10. f4 exf4 11. Rxf4 Nbd7 12. Nd4 Ne5 13. Nf5 Re8 14. Nxe7+ Qxe7 15. Qd4 Rad8 16. Rd1 Bg4 17. Bxg4 Nexg4 18. Bc1 Qe5 19. Qxe5 Nxe5 20. Nd5 Nxd5 21. exd5 Ng6 22. Rb4 Rd7 23. Rbd4 Rde7 24. Kf1 Re2 25. R4d2 R2e4 26. Rd4 Re2 27. R4d2 R2e4 28. Rd4 b5 29. b3 Rxd4 30. Rxd4 Rc8 31. Rd2 b4 32. a3 a5 33. Bb2 Rc5 34. g3 Kf8 35. axb4 axb4 36. Bd4 Rb5 37. Be3 Ke8 38. Rd4 Ne7 39. Rh4 h6 40. Rg4 Kf8 41. Rc4 Nxd5 42. Bd4 Ke7 43. Ke2 g6 44. Bg7 h5 45. Re4+ Kd7 46. Kd3 Nc7 47. Re2 Ne6 48. Bb2 d5 49. Rf2 f5 50. Bd4 Rb8 51. Be3 Rc8 52. Bd4 Kd6 53. Re2 Re8 54. Rf2 Nxd4 55. Kxd4 Re4+ 56. Kd3 h4 57. gxh4 Rxh4 58. Rg2 Ke5 59. Rxg6 Rxh2 60. Rg3 Rh4 61. Rg8 Rh3+ 62. Ke2 Kd4 63. Rf8 Kc3 64. Rxf5 Kxc2 65. Rxd5 Kxb3 66. Rd8 Rc3 67. Kd2 Kb2 68. Rb8 b3 69. Rd8 Rc7 70. Rd6 Kb1 71. Rb6 b2 72. Rd6 Ra7 73. Rb6 Ka2 74. Kc2 b1Q+ 75. Rxb1 Rc7+ 76. Kd3 Kxb1 0-1

[Event "EU-ch U12"]
[Site "Prague"]
[Date "2012.08.22"]
[Round "6"]
[White "Kazantsev, Nikita"]
[Black "Mustafin, Andrey"]
[Result "0-1"]
[WhiteElo "1837"]
[BlackElo "1742"]
[PlyCount "52"]
[EventDate "2012.08.17"]
[EventType "swiss"]
[EventRounds "9"]
[EventCountry "CZE"]
[SourceTitle "CBM 150 Extra"]
[Source "ChessBase"]
[SourceDate "2012.10.19"]
[SourceVersion "1"]
[SourceVersionDate "2012.10.19"]
[SourceQuality "1"]

1. e4 e5 2. Nf3 Nc6 3. Bb5 a6 4. Ba4 Nf6 5. 0-0 b5 6. Bb3 Be7 7. Re1 0-0 8. c3 d5 9. d4 Nxe4 10. dxe5 Be6 11. Bc2 Bg4 12. Qd3 Bxf3 13. gxf3 Nxe5 14. Qd1 Nxf2 15. Qe2 Bc5 16. Be3 Nh3+ 17. Kg2 Qh4 18. Bf5 Bxe3 19. Bxh3 Nd3 20. Qxd3 Qxe1 21. Qf1 Qxf1+ 22. Kxf1 Bc1 23. a3 Rfe8 24. a4 Red8 25. b3 Rab8 26. a5 b4 0-1